| 000 | 01110cam a2200301 i 4500 | ||
|---|---|---|---|
| 003 | SA-RiAUC | ||
| 005 | 20250121140840.0 | ||
| 008 | 250120s1992 sy g b 000 0cara c | ||
| 040 |
_aAE-AiULD _bara _cSA-RiAUC _erda |
||
| 043 | _aa-su--- | ||
| 050 | 4 | _bA23 1992 | |
| 082 | 0 | 4 | _a923.1 |
| 090 |
_a923.1 _b ع ب د غ |
||
| 100 | 1 |
_aعبد الغني، عارف أحمد _eمؤلف. |
|
| 245 | 1 | 0 |
_aتاريخ أمراء مكة المكرمة من 8 هـ-1344 هـ / _cعارف عبد الغني. |
| 250 | _aالطبعة الثانية. | ||
| 264 | 1 |
_aدمشق : _bدار البشائر، _c1992 |
|
| 300 |
_a960 صفحة ؛ _c24 سم |
||
| 336 |
_aنص _btxt _2rdacontent _3كتاب |
||
| 337 |
_aبدون وسيط _bn _2rdamedia |
||
| 338 |
_aمجلد _bnc _2rdacarrier |
||
| 504 | _aببليوجرافية : صفحة 943-954. | ||
| 651 | 7 |
_aمكة المكرمة _xملوك وحكام _vتراجم _2aucsh |
|
| 651 | 7 |
_aمكة المكرمة _xتاريخ _2aucsh |
|
| 651 | 7 |
_aالسعودية _xتاريخ _2aucsh |
|
| 942 |
_2ddc _cBOOK _n0 |
||
| 949 |
_aSA-JeALM _d250120 _umohamedma123 _n1 |
||
| 999 |
_c5085 _d5085 |
||